000 00324 a2200157 4500
001 56817
020 _a8570565690
040 _cAnchieta - Pituba
100 _aGóes, Lúcia Pimentel
240 1 0 _aVínculos
_lpor
245 1 0 _aVínculos
300 _a92
362 0 _a1993
650 4 _aLiteratura juvenil
942 _cBK
999 _c56817
_d56817